Logo BPK

Biblioteka

Politechniki Koszalińskiej

Muss wandeln ohne Leuchte : (Rekord nr 50375)

Szczegóły MARC
000 -ETYKIETA REKORDU
podpole kontrolne o stałej długości 00557nam a2200205 i 4500
001 - NUMER KONTROLNY REKORDU
pole kontrolne bgj
020 ## - MIĘDZYNARODOWY ZNORMALIZOWANY NUMER KSIĄŻKI - ISBN
ISBN 3927104663
040 ## - ŹRÓDŁO KATALOGOWANIA
Instytucja, która utworzyła rekord BPK
041 0# - KOD JĘZYKA
Kod języka tekstu ger
044 ## - KOD KRAJU WYDAWCY/PRODUCENTA
Kod kraju wydawcy/producenta DEU
080 ## - UNIWERSALNA KLASYFIKACJA DZIESIĘTNA - UKD
UKD 821.112.2
920 ## - Międzynarodowy znormalizowany numer książki – ISBN
ISBN 3-927104-66-3
008 - POLE O STAŁEJ DŁUGOŚCI - DANE KONTROLNE
podpole kontrolne o stałej długości s gw f |000 0 ger
100 1# - NAZWA OSOBOWA
Nazwa osobowa JAKOB, Angelika.
245 10 - TYTUŁ/ODPOWIEDZIALNOŚĆ
Tytuł Muss wandeln ohne Leuchte :
Ciąg dalszy tytułu Annette von Droste-Hülshoff eine poetische Biographie /
Pozostałe elementy strefy tytułu i oznaczenia odpowiedzialności Angelika Jakob.
260 ## - STREFA ADRESU WYDAWNICZEGO
Miejsce wydania Paderborn :
Nazwa wydawcy/dystrybutora Igel Verlag,
Data publikacji, dystrybucji/powstania dokumentu 1994.
300 ## - STREFA OPISU FIZYCZNEGO
Objętość 120 s. ;
Rozmiary 20 cm.
650 9# - HASŁO PRZEDMIOTOWE W FORMIE NAZWY OGÓLNEJ LUB JEDNOSTKOWEJ
Nazwa ogólna lub geograficzna Literatura niemiecka
856 ## - LOKALIZACJA I DOSTĘP DO ELEKTRONICZNYCH DOKUMENTÓW ZDALNYCH
Link (URL) http://koha.tu.koszalin.pl/cgi-bin/koha/opac-detail.pl?biblionumber=50375
Tekst linku Katalog online BPK
942 ## - DODATKOWE ELEMENTY (KOHA)
Typ dokumentu Książka
Egzemplarze
Wycofany Status egzemplarza Uszkodzony Dostępność Lokalizacja stała Lokalizacja bieżąca Miejsce przechowywania Sygnatura Kod kreskowy Typ dokumentu
      Tylko na miejscu Biblioteka Politechniki Koszalińskiej Biblioteka Politechniki Koszalińskiej Czytelnia Wydziałowa ul. Kwiatkowskiego 6e N 281 02123059 Książka
© 2023 Biblioteka Politechniki Koszalińskiej :: KOHA